| 000 | 00853nam a22002175i 4500 | ||
|---|---|---|---|
| 001 | 164835 | ||
| 003 | ES-MaACL | ||
| 005 | 20230906213021.0 | ||
| 008 | 010607s1891 sp |||| | spa d | ||
| 040 |
_aCCPB | B _bspa _cCCPB | B |
||
| 100 | 1 |
_aSaura y Coronas, Pedro. _9132502 |
|
| 245 | 1 | 0 |
_aDe la fiebre hipertérmica perniciosa de Manila / _cpor Pedro Saura y Coronas. |
| 260 |
_aMadrid : _b[s.n.], _c1891 ( _festablecimiento tipográfico de E. Jaramillo y Cª.) |
||
| 300 |
_a65 p. ; _c23 cm. |
||
| 490 | 1 | _aBiblioteca de la Revista de Sanidad Militar | |
| 650 | 4 |
_aFiebre- _zManila. _9155919 |
|
| 651 | 4 |
_aFilipinas- _xEnfermedades. _9137151 |
|
| 830 | 0 |
_aBiblioteca de la Revista de Sanidad Militar _9188621 |
|
| 852 |
_aES-MaACL _jT-527-F-3 _z-- Enc. hol. conservando la cub. original _z-- Enc. en un vol. facticio |
||
| 999 |
_c164835 _d164835 |
||